Städte in der Pokémon Alola-Region auf einer Karte - Statistiken

Allgemein
  • Dieses Quiz wurde 316 mal gespielt
  • Das Durchschnittsergebnis liegt bei 7 aus 11
Antworten auf der Karte
Die Antworten werden auf der Karte rot bzw. grün angezeigt, abhängig davon wie oft sie richtig erraten wurden.
 
Antwortstatistiken
Antwort % Korrekt
Æther-Paradies
91%
Hauholi City
74%
Pokémon Liga
71%
Lili'i
65%
Dorf des Seevolkes
61%
Dorf der Kapu
54%
Ohana
52%
Po'u
51%
Konikoni City
50%
Kantai City
49%
Malihe City
48%
Keine übereinstimmenden Quizze gefunden
Verteilung der Resultate
Anzahl Personen mit jedem Resultat
Perzentil nach korrekt beantworteten Fragen
Ihre Resultats-Entwicklung
Sie haben dieses Quiz noch nicht gespielt